[Event "ROM-ch U10"]
[Site "Calimanesti"]
[Date "2018.04.02"]
[Round "8"]
[White "Craciun, Luca Stefan"]
[Black "Marin, Stefan Alexandru"]
[Result "0-1"]
[WhiteElo "1241"]
[BlackElo "1228"]
[PlyCount "108"]
[EventDate "2018.03.27"]
[EventType "swiss"]
[EventRounds "9"]
[EventCountry "ROU"]
[SourceTitle "CBM 183 Extra"]
[Source "ChessBase"]
[SourceDate "2018.04.19"]
[SourceVersion "1"]
[SourceVersionDate "2018.04.19"]
[SourceQuality "1"]

1. e4 e5 2. Nf3 Nc6 3. Bc4 Bc5 4. c3 Nf6 5. d4 exd4 6. cxd4 Bb4+ 7. Nc3 d5 8. exd5 Nxd5 9. 0-0 Bxc3 10. bxc3 0-0 11. Qd3 Nce7 12. Bxd5 Nxd5 13. c4 Nb6 14. Ba3 Re8 15. Rfe1 Bd7 16. Rxe8+ Bxe8 17. Re1 Nc8 18. c5 Ne7 19. Ng5 g6 20. Qh3 h5 21. g4 Nc6 22. Nf3 Bd7 23. Ne5 Nxe5 24. dxe5 Bxg4 25. Qg3 Be6 26. Rb1 Rb8 27. Rb2 Qd1+ 28. Kg2 Rd8 29. f3 Rd2+ 30. Rxd2 Qxd2+ 31. Kg1 Qe3+ 32. Kg2 Qxa3 33. Qf2 Qxa2 34. h4 Qxf2+ 35. Kxf2 Kf8 36. Ke3 Ke7 37. Kd4 f6 38. f4 f5 39. c6 b6 40. Kc3 Bd5 41. Kb4 Bxc6 42. Kc4 Bd7 43. e6 Kxe6 44. Kd4 a5 45. Kc4 b5+ 46. Kb3 Kd5 47. Kc3 Ke4 48. Kd2 Kxf4 49. Ke2 a4 50. Kf2 a3 51. Kg2 a2 52. Kh2 a1Q 53. Kg2 Qb2+ 54. Kh3 Qc3+ 0-1

[Event "ROM-ch U10"]
[Site "Calimanesti"]
[Date "2018.03.30"]
[Round "5"]
[White "Marin, Stefan Alexandru"]
[Black "Rosu, Mihai Radu"]
[Result "0-1"]
[WhiteElo "1228"]
[BlackElo "1005"]
[PlyCount "81"]
[EventDate "2018.03.27"]
[EventType "swiss"]
[EventRounds "9"]
[EventCountry "ROU"]
[SourceTitle "CBM 183 Extra"]
[Source "ChessBase"]
[SourceDate "2018.04.19"]
[SourceVersion "1"]
[SourceVersionDate "2018.04.19"]
[SourceQuality "1"]

1. e4 e5 2. Nf3 Nc6 3. Bc4 Bc5 4. c3 Nf6 5. d4 exd4 6. cxd4 Bb4+ 7. Nc3 Bxc3+ 8. bxc3 Nxe4 9. d5 Ne7 10. Qd4 Nf6 11. Bg5 Ng6 12. 0-0 0-0 13. Rae1 h6 14. Bxf6 Qxf6 15. Qxf6 gxf6 16. h4 h5 17. g3 d6 18. Nd4 Bh3 19. Be2 Bxf1 20. Kxf1 Rad8 21. Bxh5 Rfe8 22. Rxe8+ Rxe8 23. Bxg6 fxg6 24. Ne6 c6 25. Nf4 g5 26. hxg5 fxg5 27. Nh5 Kf7 28. dxc6 bxc6 29. g4 Re4 30. f3 Re3 31. f4 gxf4 32. Kg2 Rxc3 33. Nxf4 Rc2+ 34. Kg3 Rxa2 35. g5 Ra3+ 36. Kg4 Ra4 37. Kf5 Rxf4+ 38. Kxf4 Kg6 39. Ke4 Kxg5 40. Kd4 a5 41. Kc4 0-1